Die Kriegsgesetze, prozessrechtlichen Inhalts (Record no. 134070)

MARC details
000 -LEADER
campo de control de longitud fija 00526nam a2200157 i 4500
001 - NÚMERO DE CONTROL
campo de control 134070
003 - IDENTIFICADOR DE NÚMERO DE CONTROL
campo de control ES-MaACL
005 - FECHA Y HORA DE LA ÚLTIMA TRANSACCIÓN
campo de control 20230906194606.0
007 - CAMPO FIJO DE DESCRIPCIÓN FÍSICA--INFORMACIÓN GENERAL
campo de control de longitud fija t|
008 - DATOS DE LONGITUD FIJA--INFORMACIÓN GENERAL
campo de control de longitud fija 070905s1917 gw ||||1| ger d
100 1# - ENTRADA PRINCIPAL--NOMBRE DE PERSONA
Nombre de persona Warneyer, Otto.
9 (RLIN) 116117
245 14 - MENCIÓN DEL TÍTULO
Título Die Kriegsgesetze, prozessrechtlichen Inhalts
Resto del título : Im Anschluss an Friedrich Steins Kommentar zur Zivilprozessordnung erlèautert /
Mención de responsabilidad, etc. von Otto Warneyer.
260 ## - PUBLICACIÓN, DISTRIBUCIÓN, ETC.
Lugar de publicación, distribución, etc. Tübingen :
Nombre del editor, distribuidor, etc. J.C.B. Mohr,
Fecha de publicación, distribución, etc. 1917.
300 ## - DESCRIPCIÓN FÍSICA
Extensión XXIII, 314 p. ;
Dimensiones 26 cm.
852 ## - LOCALIZACIÓN
Ubicación ES-MaACL
Número de control de estantería G-927
Holdings
Estatus retirado Estado de pérdida Estado de daño No para préstamo Biblioteca de origen Biblioteca actual Ubicación en estantería Fecha de adquisición Fuente de adquisición Total de préstamos Signatura topográfica completa Código de barras Visto por última vez Precio de reemplazo Tipo de ítem Koha
        Biblioteca del Ateneo de Madrid Biblioteca del Ateneo de Madrid Depósito 2 17/01/2008     G-927 1139560 23/02/2023 23/02/2023 Libro impreso